000 00602nam a2200193 a 4500
001 000022227
005 20200930011635.0
008 100920s2006 dr 000 f spa d
020 _a9945855123
040 _aDO-SdBNP
_bspa
_cBNPHU
082 _aCh863.4
_bB276n
100 1 _aBarrios, Eduardo,
_d1884-1963
_924232
245 1 3 _aEl niño que enloqueció de amor /
_cEduardo Barrios.
260 _aSantiago de los Caballeros :
_bEdiciones D,
_c2006.
300 _a68 p. ;
_c17 cm.
650 4 _aNovela chilena
_93163
650 4 _aLiteratura chilena
_93164
910 _aValidado. Control de calidad BNPHU
999 _c21725
_d21725